=LDR 00000nam 2200000 4500 =001 $a INLIS000000000008376 =005 $a 20260604110055 =008 $a 260604################g##########0#eng## =022 ##$$a 0 582 74615 9 =035 ##$$a 0010-0626000003 =082 ##$$a 428.62 =084 ##$$a 428.62 BRI t =100 1#$$a Bright, J. A. =245 ##$$a Teaching english as a second language : $b theory and techniques for the secondary stage $c Bright, J. A.; McGregor, G. P. =246 ##$$a =260 ##$$a Harlow $b Longman $c 1970 =300 ##$$a xi, 284 hlm. $b ilus. $c 22 cm $d =336 ##$$a =337 ##$$a =338 ##$$a =500 #$$a Low-priced edition =650 #$$a Bahasa Inggris =700 1#$$a McGregor, G. P. =740 ##$$a =856 ##$$a =Wor $a 1